| 000 | 01226nam a2200253 i 4500 | ||
|---|---|---|---|
| 001 | 165459 | ||
| 003 | ES-MaACL | ||
| 005 | 20250902103718.0 | ||
| 008 | 001023s1872 sp |||| | spa d | ||
| 080 | _a326.8(729.1) | ||
| 080 | _a326.8(729.5) | ||
| 110 | 2 |
_aSociedad Abolicionista Española _96627 |
|
| 245 | 1 | 3 | _aAl Excelentísimo Señor D. Manuel Ruiz Zorrilla, presidente del Consejo de Ministros, la Sociedad Abolicionista Española, sobre el cumplimiento de la Ley preparatoria (de julio de 1870) para la abolición de la esclavitud de las Antillas españolas. |
| 246 | 3 | _aTít. de antep.: El artículo 5º de la Ley preparatoria para la abolición de la esclavitud. | |
| 260 |
_aMadrid : _bSecretaría de la Sociedad Abolicionista Española, _c1872. |
||
| 300 |
_a42 p. ; _c25 cm. |
||
| 594 | _aEn cub.: "Propaganda anti-esclavista" | ||
| 650 | 4 |
_aEsclavitud- _zCuba. _9138905 |
|
| 650 | 4 |
_aEsclavitud- _zPuerto Rico _912363 |
|
| 710 | 2 |
_aSociedad Abolicionista Española _96627 |
|
| 852 | 4 |
_aES-MaACL _jT-144-F-6 _z- Enc. hol., falto de enc. original _z- Enc. en un vol. facticio |
|
| 852 | 4 |
_aES-MaACL _jT-617-F-8 _z- Anotaciones ms. en los márgenes del texto |
|
| 999 |
_c165459 _d165459 |
||